000 003740000a22001090004500
090 _aAS
_bSeriadas
245 1 0 _aMiscelanea sobre flora Neotrópica V. Algunas novedades en Ilex
041 0 _aEspañol
100 1 _aCuatrecasas, José
_911935
942 _cARTICULO
773 1 _tRevista de la Academia Colombiana de Ciencias Exactas, Fisicas y Naturales
_332
_h67
_q631-635
_d1990
_g17
999 _c14071
_d14071